| 000 | 00791nam a22002417a 4500 | ||
|---|---|---|---|
| 001 | 28213 | ||
| 003 | UA-OsUOA | ||
| 005 | 20210916113252.0 | ||
| 007 | ta | ||
| 008 | 20040929b un ||||| |||| 00| 0 ukr d | ||
| 040 |
_aUA-OsUOA _brus _cUA-OsUOA _dUA-OsUOA |
||
| 041 | _arus | ||
| 044 | _aRU | ||
| 080 | _a81.2 | ||
| 090 |
_a81.2 _bЛ25 |
||
| 100 | _aЛарин Б. А. | ||
| 245 |
_aИстория русского языка и языкознание: избранные работы _bучебное пособие для студентов пед. ин-тов _cБ. А. Ларин ; сост. Б. Л. Богородский, Н. А. Мещерский |
||
| 260 |
_aМосква _bПрсвещение _c1977 |
||
| 300 | _a244 с. | ||
| 650 | 7 | _2UDC | |
| 942 |
_cBK _2udc |
||
| 955 | _a0 | ||
| 999 |
_c314576 _d314576 |
||